000 00981nac a22002891i 4500
003 EG-ScBUE
005 20250305095055.0
008 250209t2003 nyua f b 001 0 eng d
020 _a0716743450
020 _a9780716743453
040 _aEG-ScBUE
_beng
_erda
_cEG-ScBUE
_dEG-ScBUE
082 0 4 _a530
_bTIP
_222
100 1 _aTipler, Paul Allen,
_eauthor.
245 1 0 _aModern physics /
_cPaul A. Tipler, formerly of Okland University, Ralph A. Llewellyn, University of Central Florida.
250 _aFourth edition.
264 1 _aNew York :
_bW. H. Freeman and Company,
_c[2003]
264 4 _cc2003
300 _a1 volume (various pagings) :
_billustrations ;
_c27 cm
336 _2rdacontent
_atext
_btxt
337 _aunmediated
_2rdamedia
_bn
338 _avolume
_bnc
_2rdacarrier
504 _aIncludes bibliographical references and index.
650 7 _aPhysics.
_2BUEsh
655 _vReading book
700 1 _aLlewellyn, Ralph A.,
_eauthor.
942 _cBB
_2ddc
999 _c2231
_d2231